00795nam a2200253 a 4500001001300000003000900013005001700022008004100039020001000080082001600090100003000106245003600136260003900172300000900211500003500220505001000255650002400265700003000289902000800319942000700327952009700334952009500431999001500526nice12345678IN_TiNIC20260116012751.0050524s1915 lona grp 000 0 eng  ac10000a225.52bWEY aWeymouth, Richard Francis aNew Testament in Modern Speech. aLondonbJames Clarke and Co.c1915 a734p aincludes index and biblioraphy2 aIndex aBible-New Testament1 aWeymouth, Richard Francis bSRS cBK 00104070aHMIbHMId2007-06-19g100.00l0o225.52 WEYp10473r2007-06-19w2026-01-16yARB 00104070aHMIbHMId2018-04-12g100.00l0o225.52 WEYp7709r2018-04-12w2026-01-16yARB c8293d8293